Statistiques concernant Devinez le Département Mystère #45

Cliquez ici pour prendre le quiz!

Statistiques générales

  • Ce quiz a été pris 121 fois
  • Le résultat moyen est 26 sur 33

Statistiques - réponses

Type de RéponseRéponse% Correct
Lettre de l'AlphabetE
99%
Lettre de l'AlphabetS
99%
Lettre TrouvéeA
98%
Lettre TrouvéeL
98%
Lettre de l'AlphabetO
98%
Lettre de l'AlphabetR
98%
Lettre de l'AlphabetI
96%
Lettre TrouvéeN
95%
Lettre TrouvéeT
92%
Lettre de l'AlphabetD
90%
Lettre de l'AlphabetM
89%
Lettre de l'AlphabetV
88%
Lettre de l'AlphabetH
86%
Lettre de l'AlphabetU
85%
Lettre TrouvéeC
83%
Lettre de l'AlphabetG
81%
Lettre de l'AlphabetP
78%
Lettre de l'AlphabetY
78%
Lettre Bien PlacéeA
76%
Lettre de l'AlphabetB
74%
Lettre Bien PlacéeN
73%
Lettre de l'AlphabetF
69%
Lettre de l'AlphabetZ
69%
Lettre de l'AlphabetQ
68%
Lettre Bien PlacéeC
66%
Lettre de l'AlphabetJ
66%
Lettre Bien PlacéeT
64%
Lettre Bien PlacéeA
63%
Département MystèreCantal
63%
Lettre de l'AlphabetK
63%
Lettre Bien PlacéeL
63%
Lettre de l'AlphabetW
63%
Lettre de l'AlphabetX
63%

Distribution des résultats

Percentile par nombre de réponses

% des personnes avec chaque résultat

Votre développement - résultats

Vous n’avez pas pris ce quiz